000 00641nam a2200241Ia 4500
003 OSt
005 20221007071655.0
006 a|||||r|||| 00| 0
007 ta
008 221006b |||||||| |||| 00| 0 eng d
020 _a0043640117
024 _a20,147
037 _cTextual
040 _aFLL
_cFLL
_beng
041 _2eng
_aeng
082 _aY:45:5.3.N7, L8
100 _aWootton Barbara
_9123753
245 0 _aCrime and penal policy
260 _aLondon
_bGeorge Allen & Unwin England
_c1978
300 _a261p
_ccm.
942 _hY:45:5.3.N7, L8
_cTEXL
_2CC
999 _c1143949
_d1143949